000 01158cam a2200361 i 4500
001 1361931
003 OSt
005 20230620111826.0
008 800304s1979 enk b 001 0 eng
010 _a 80454984
015 _aGB***
020 _a0905762401 :
_c£8.50 ($16.95 U.S.)
020 _a090576241X (pbk.)
040 _aDLC
_cDLC
_dDLC
043 _af-sa---
050 0 0 _aDT770
_b.S56
082 0 0 _a320.5/4/0968
_bSIZ
100 1 _aSizwe, No.
245 1 0 _aOne Azania, one nation :
_bthe national question in South Africa /
_cNo Sizwe.
260 _aLondon :
_bZed Press,
_c1979.
300 _aviii, 215 p. ;
_c23 cm.
490 1 _aAfrica series ;
_vno. 4
500 _aIncludes index.
504 _aBibliography: p. 197-210.
650 0 _aNationalism
_zSouth Africa.
650 0 _aBlack people
_zSouth Africa
_xPolitics and government.
650 0 _aBlack people
_xRace identity
_zSouth Africa.
651 0 _aSouth Africa
_xRace relations.
651 0 _aSouth Africa
_xPolitics and government
_y20th century.
830 0 _aAfrica series (Zed Press) ;
_vno. 4.
906 _a7
_bcbc
_corignew
_d4
_encip
_f19
_gy-gencatlg
942 _2ddc
_cBK
999 _c1631
_d1631